00999nam a2200253 a 4500999001500000005001700015008004100032040002500073041000800098082001100106090001400117110014800131245009700279260002500376300001000401650003500411650003100446650002100477650002600498650003600524650003800560942001300598952013400611 c3185d318520200521121449.0140310b1998 ne ||||| |||| 00| 0 spa d aCO-BoIAVHcCO-BoIAVH aeng a665.35 aLBb02945 aCentre for the Promotion of Imports from Developing Countries (CBI)bCentre for the Promotion of Imports from Developing Countries, CBI9103073 aOil seedsba compact survey of The Netherlands and other major markets in the European Union aRotterdambCBIc1998 a99 p. aComercio internacional9103074 aSemillas oleaginosas98449 aMercadeo9103075 aUnión Europea94258 aLegislación ambiental9103076 aCertificación ambiental9103077 cLIBRO2z 00102z40708GENERALaVillabVillad2003-04-02eBiocomerciol0oLB-02945p005208r2012-12-04 00:00:00tEj. 1w2012-12-04yLIBRO